<?xml version="1.0" encoding="UTF-8"?>
<record
    xmlns:xsi="http://www.w3.org/2001/XMLSchema-instance"
    xsi:schemaLocation="http://www.loc.gov/MARC21/slim http://www.loc.gov/standards/marcxml/schema/MARC21slim.xsd"
    xmlns="http://www.loc.gov/MARC21/slim">

  <leader>01011nam a22002897a 4500</leader>
  <datafield tag="952" ind1=" " ind2=" ">
    <subfield code="a">0001</subfield>
    <subfield code="b">0001</subfield>
    <subfield code="d">2019-03-12</subfield>
    <subfield code="l">0</subfield>
    <subfield code="o">305.24209561 O51 2018</subfield>
    <subfield code="p">018984</subfield>
    <subfield code="r">2019-03-12 00:00:00</subfield>
    <subfield code="w">2019-03-12</subfield>
    <subfield code="y">BKS</subfield>
  </datafield>
  <datafield tag="999" ind1=" " ind2=" ">
    <subfield code="c">12900</subfield>
    <subfield code="d">12900</subfield>
  </datafield>
  <controlfield tag="003">MIRAKIL</controlfield>
  <controlfield tag="005">20190312111320.0</controlfield>
  <controlfield tag="008">190312b        tu ||||| |||| 00| 0 tur d</controlfield>
  <datafield tag="020" ind1=" " ind2=" ">
    <subfield code="a">9786059334129</subfield>
  </datafield>
  <datafield tag="040" ind1=" " ind2=" ">
    <subfield code="a">TR-AnCHP</subfield>
    <subfield code="c">TR-AnCHP</subfield>
  </datafield>
  <datafield tag="041" ind1=" " ind2=" ">
    <subfield code="a">tur</subfield>
  </datafield>
  <datafield tag="082" ind1=" " ind2=" ">
    <subfield code="a">305.24209561</subfield>
    <subfield code="b">O51 2018</subfield>
  </datafield>
  <datafield tag="245" ind1="1" ind2="0">
    <subfield code="a">15 Temmuz askeri darbe giri&#x15F;iminin &#xF6;ncesi ve sonras&#x131;nda gen&#xE7;li&#x11F;in durumu /</subfield>
    <subfield code="c">Celalettin Vatanda&#x15F; [.... ve &#xF6;te.]</subfield>
  </datafield>
  <datafield tag="260" ind1=" " ind2=" ">
    <subfield code="a">&#x130;stanbul:</subfield>
    <subfield code="b">SEKAM (Sosyal Ekonomik ve K&#xFC;lt&#xFC;rel Ara&#x15F;t&#x131;rmalar Merkezi),</subfield>
    <subfield code="c">2018.</subfield>
  </datafield>
  <datafield tag="300" ind1=" " ind2=" ">
    <subfield code="a">xxx, 658 s.:</subfield>
    <subfield code="b">tbl., </subfield>
    <subfield code="c">23 sm.</subfield>
  </datafield>
  <datafield tag="490" ind1="0" ind2=" ">
    <subfield code="a">SEKAM yay&#x131;nlar&#x131;;</subfield>
    <subfield code="v">13.</subfield>
  </datafield>
  <datafield tag="504" ind1=" " ind2=" ">
    <subfield code="a">Kaynak&#xE7;a vard&#x131;r.</subfield>
  </datafield>
  <datafield tag="650" ind1=" " ind2="0">
    <subfield code="9">441</subfield>
    <subfield code="a">Gen&#xE7;lik</subfield>
    <subfield code="x">T&#xFC;rkiye</subfield>
  </datafield>
  <datafield tag="650" ind1=" " ind2="0">
    <subfield code="9">5071</subfield>
    <subfield code="a">Fet&#xF6; (Fethullah&#xE7;&#x131; Ter&#xF6;r &#xD6;rg&#xFC;t&#xFC;)</subfield>
    <subfield code="x">Darbe giri&#x15F;imi</subfield>
    <subfield code="x">T&#xFC;rkiye</subfield>
    <subfield code="y">15 Tetmmuz 2016</subfield>
  </datafield>
  <datafield tag="700" ind1=" " ind2=" ">
    <subfield code="9">5401</subfield>
    <subfield code="a">Vatanda&#x15F;, Celalettin</subfield>
  </datafield>
  <datafield tag="700" ind1=" " ind2=" ">
    <subfield code="9">5404</subfield>
    <subfield code="a">G&#xFC;ll&#xFC;punar, Hasan</subfield>
  </datafield>
  <datafield tag="700" ind1=" " ind2=" ">
    <subfield code="9">5403</subfield>
    <subfield code="a">Do&#x11F;ruer, &#x130;.Mete</subfield>
  </datafield>
  <datafield tag="700" ind1=" " ind2=" ">
    <subfield code="9">5402</subfield>
    <subfield code="a">Can, Burhanettin</subfield>
  </datafield>
  <datafield tag="942" ind1=" " ind2=" ">
    <subfield code="2">ddc</subfield>
    <subfield code="c">BKS</subfield>
  </datafield>
  <datafield tag="999" ind1=" " ind2=" ">
    <subfield code="d">12900</subfield>
  </datafield>
  <datafield tag="999" ind1=" " ind2=" ">
    <subfield code="d">12900</subfield>
  </datafield>
</record>
